| 000 | 00465nam a2200169Ia 4500 | ||
|---|---|---|---|
| 008 | 191130s2010##################000#0#eng## | ||
| 020 | _a9780255366298 | ||
| 040 |
_aACL _cACL |
||
| 082 | _a330.157092 BUT | ||
| 100 | _aButler, Eamon | ||
| 245 |
_aLudwig Von Mises - a primer _cEamon Butler |
||
| 260 |
_aLondon _bThe Institutie of Economic Affairs _c2010 |
||
| 300 | _a119 p | ||
| 990 | _afcda0f73ac10000c233231cebe0869d6 | ||
| 991 | _a42205 | ||
| 999 |
_c236261 _d236261 |
||